|
|
|
|
| LEADER |
00000cas a2200000 a 4500 |
| 001 |
vtls010569506 |
| 003 |
SK-MaSNL |
| 005 |
20260228161134.0 |
| 008 |
140115d19661967xo br|p 001 b|slo c |
| 040 |
|
|
|a SVKPO
|b slo
|c SVKPO
|d SNK
|e AACR2
|
| 041 |
0 |
|
|a slo
|
| 044 |
|
|
|a xo
|c SK
|
| 072 |
|
7 |
|a 82.0
|x Literatúra (teória)
|2 konspekt
|
| 080 |
|
|
|a 82
|2 2001
|
| 080 |
|
|
|a 050
|2 2001
|
| 080 |
|
|
|a 76
|2 2001
|
| 245 |
0 |
0 |
|a Krok
|b literatúra a umenie
|
| 260 |
|
|
|a Košice
|b Východoslovenské vydavateľstvo
|c 1966-1967
|
| 300 |
|
|
|a 2 zv.
|c 20-24 cm
|
| 310 |
|
|
|a 6x ročne
|b 1967
|
| 321 |
|
|
|a 4x ročne
|b 1966
|
| 362 |
0 |
|
|a Č. 1 (1966)-č. 6 (1967)
|
| 500 |
|
|
|a Zmena podnázvu v tiráži: od č. 1/1966 sborník pre literatúru a umenie, od č. 4/1967 časopis pre literatúru a umenie
|
| 500 |
|
|
|a Zodp. red.: Imrich Gofus
|
| 500 |
|
|
|a Tlač: Východoslovenské tlačiarne, n. p. Košice
|
| 500 |
|
|
|a Od roku 1967 rozmer zv. 24 cm
|
| 650 |
0 |
7 |
|a literatúra
|2 SNKPH
|9 1427
|
| 650 |
0 |
7 |
|a umenie
|2 SNKPH
|9 1060
|
| 655 |
|
7 |
|a literárne časopisy
|2 SNKPH
|9 125450
|
| 700 |
1 |
|
|a Gofus, Imrich
|4 lso
|9 268059
|
| 910 |
|
|
|a snk
|
| 916 |
|
|
|a 1966-1967
|
| 958 |
|
|
|a OND
|
| 999 |
|
|
|c 4464
|d 6394
|
| 952 |
|
|
|0 0
|1 0
|4 0
|7 0
|8 0
|a SNK
|b SNK
|d 1997-02-18
|f 1
|i snkČSP 538/68
|l 0
|o snkČSD 349/1967
|p 17A0038875
|r 2005-01-02 00:00:00
|t č. 1-6
|w 2026-02-21
|y PREZ
|
| 952 |
|
|
|0 0
|1 0
|4 0
|7 0
|a SNK
|b SNK
|d 2001-05-28
|l 0
|o snkČSD 349/1967 D1
|p 17A0301555
|r 2005-01-02 00:00:00
|w 2026-02-21
|y PREZ
|
| 952 |
|
|
|0 0
|1 0
|4 0
|7 0
|8 0
|a SNK
|b SNK
|d 1997-02-17
|f 1
|i snkČSP 673/67
|l 0
|o snkČSD 349/1966
|p 17A0038864
|r 2005-01-02 00:00:00
|t č. 1-4
|w 2026-02-21
|y PREZ
|
| 952 |
|
|
|0 0
|1 0
|4 0
|7 0
|a SNK
|b SNK
|d 2006-03-15
|i snkČSP 1438/67
|l 0
|o snkČSD 349/1966 D1
|p 17A0500202
|r 2026-02-21 19:47:28
|t č. 1-4
|w 2026-02-21
|y PREZ
|
| 952 |
|
|
|0 0
|1 0
|4 0
|7 0
|8 3
|a SNKLM
|b SNKLM
|d 2006-04-05
|l 0
|o snklmMK 3177
|r 2026-02-21 22:31:54
|w 2026-02-21
|y NEVYP
|
| 952 |
|
|
|0 0
|1 0
|4 0
|7 0
|8 3
|a SNKLM
|b SNKLM
|d 2016-04-15
|g 5.00
|i snklm2015/96
|l 0
|o snklmDK 7161 SNKLM
|r 2026-02-21 22:31:57
|w 2026-02-21
|y NEVYP
|